000 01082cam a22003253 4500
999 _c2269
_d2269
001 ocn760978241
003 TZ-ArACH
005 20170908091509.0
008 111112s2011 fr be 001 0 fre d
020 _a9782247107872
020 _a2247107877
035 _a(OCoLC)760978241
040 _aBTCTA
_beng
_cTZ-ArACH
_dCDX
_dLGG
041 _aFre
049 _aTZAA
050 4 _aREF KJV4077
_b.D48
100 1 _aDe Villiers, Michel.
_99833
245 1 0 _aDictionnaire du droit constitutionnel /
_cMichel de Villiers, Armel Le Divellec.
250 _a8e éd.
260 _aParis :
_bSirey,
_c2011.
300 _ax, 399 p. ;
_c21 cm.
500 _a"Licence. IEP. Concours administratifs"--Cover.
504 _aIncludes bibliographical references and index.
650 0 _aConstitutional law
_zFrance
_vEncyclopedias.
_99834
650 0 _aConstitutional history
_zFrance
_vEncylopedias.
_99835
700 1 _aLe Divellec, Armel.
_99836
710 1 2 _aFrance.
_tConstitution (1958)
_99837
830 0 _aCollection Concours administratifs (Sirey : Firm)
_99838
942 _2lcc
_cBOOK